[Event "III Festival A"]
[Site "Ortisei - Sankt Ulrich in Groeden ITA"]
[Date "2016.06.09"]
[Round "7"]
[White "Haag, Martin"]
[Black "Krulich, Roman"]
[WhiteElo "2308"]
[BlackElo "2215"]
[Result "0-1"]
[PlyCount "84"]
[EventDate "2016.06.04"]

1. c4 c6 2. e4 d5 3. exd5 cxd5 4. d4 Nf6 5. Nc3 g6 6. Nf3 Bg7 7. Be2 O-O 8. O-O
Nc6 9. h3 dxc4 10. Bxc4 a6 11. a3 b5 12. Ba2 Bb7 13. Re1 h6 14. Bf4 e6 15. Qd2
Kh7 16. Rad1 Na5 17. Ne5 Rc8 18. b4 Nc4 19. Nxc4 bxc4 20. Be5 Nd5 21. Ne4 Bxe5
22. dxe5 Qh4 23. Nd6 c3 24. Qd4 Nf4 25. Nxb7 c2 26. g3 cxd1=Q 27. Qxd1 Nxh3+
28. Kg2 Nxf2 29. gxh4 Nxd1 30. Nc5 Nc3 31. Bb3 a5 32. Re3 axb4 33. axb4 Nd5 34.
Bxd5 exd5 35. Kf3 Rfd8 36. Ra3 Ra8 37. Rb3 Rdb8 38. Ke3 Ra1 39. Nd7 Rd8 40.
Nf6+ Kg7 41. b5 d4+ 42. Kd3 Re1 0-1

[Event "III Festival A"]
[Site "Ortisei - Sankt Ulrich in Groeden ITA"]
[Date "2016.06.09"]
[Round "7"]
[White "Kindermann, Stefan"]
[Black "Castellanos Rodriguez, Renier"]
[WhiteElo "2515"]
[BlackElo "2484"]
[Result "1/2-1/2"]
[PlyCount "32"]
[EventDate "2016.06.04"]

1. d4 e6 2. e4 d5 3. Nd2 c5 4. exd5 Qxd5 5. Ngf3 cxd4 6. Bc4 Qd7 7. O-O Nc6 8.
Nb3 Nf6 9. Nbxd4 Nxd4 10. Nxd4 a6 11. c3 Bd6 12. Bb3 Qc7 13. h3 O-O 14. Bg5
Bh2+ 15. Kh1 Bf4 16. Bxf4 Qxf4 1/2-1/2

[Event "III Festival A"]
[Site "Ortisei - Sankt Ulrich in Groeden ITA"]
[Date "2016.06.09"]
[Round "7"]
[White "Martinez, Ayelen"]
[Black "Herzog, Adolf"]
[WhiteElo "2146"]
[BlackElo "2358"]
[Result "1/2-1/2"]
[PlyCount "159"]
[EventDate "2016.06.04"]

1. e4 e6 2. d4 d5 3. Nc3 Bb4 4. e5 c5 5. a3 Bxc3+ 6. bxc3 Ne7 7. Qg4 O-O 8. Bd3
f5 9. exf6 Rxf6 10. Qh5 g6 11. Qd1 Qa5 12. Bd2 Nbc6 13. Nf3 Bd7 14. c4 Qc7 15.
dxc5 Rxf3 16. gxf3 Qe5+ 17. Kf1 dxc4 18. Bxc4 Qd4 19. Bb3 Nd5 20. Rg1 Qh4 21.
Rg2 Rf8 22. Kg1 Rf5 23. Rg4 Qf6 24. c4 Nde7 25. Bc2 Nd4 26. Bxf5 Nxf3+ 27. Kh1
exf5 28. Bg5 Nxg5 29. Rxg5 Bc6+ 30. Rg2 Qc3 31. Qe1 Qf3 32. Qe6+ Kf8 33. Qf6+
Ke8 34. Qg5 Qxf2 35. Qg3 Qxc5 36. Re1 Qxc4 37. Qe5 Bxg2+ 38. Kxg2 Qg4+ 39. Kh1
Qf3+ 40. Kg1 Qg4+ 41. Kf2 Qh4+ 42. Kf3 Kf7 43. Qe6+ Kf8 44. Re2 Qh3+ 45. Kf4
g5+ 46. Ke5 Qc3+ 47. Kd6 Qc6+ 48. Ke5 Qc3+ 49. Kd6 Qxa3+ 50. Kc7 Qa5+ 51. Kxb7
Qb5+ 52. Ka8 Qd5+ 53. Kxa7 Qxe6 54. Rxe6 Kf7 55. Rh6 Kg7 56. Re6 Ng6 57. Kb6 f4
58. Kc5 f3 59. Ra6 Ne5 60. Kd4 Ng4 61. Ra1 Nxh2 62. Ke3 Kg6 63. Rh1 Ng4+ 64.
Kxf3 h5 65. Ra1 Kf5 66. Kg3 h4+ 67. Kh3 Nf2+ 68. Kg2 Nd3 69. Ra4 Nf4+ 70. Kf3
g4+ 71. Ke3 Nd5+ 72. Kf2 Nc3 73. Rb4 h3 74. Rb8 Ne4+ 75. Ke3 h2 76. Rf8+ Kg6
77. Rh8 Ng3 78. Kf2 Nh5 79. Kg2 g3 80. Rg8+ 1/2-1/2

[Event "III Festival A"]
[Site "Ortisei - Sankt Ulrich in Groeden ITA"]
[Date "2016.06.09"]
[Round "7"]
[White "Nabaty, Tamir"]
[Black "Bogner, Sebastian"]
[WhiteElo "2610"]
[BlackElo "2527"]
[Result "1-0"]
[PlyCount "69"]
[EventDate "2016.06.04"]

1. e4 c5 2. Nf3 d6 3. Bb5+ Nd7 4. O-O a6 5. Bd3 Ngf6 6. Re1 b5 7. c4 g5 8. h3
g4 9. hxg4 Nxg4 10. cxb5 Bg7 11. Nc3 h5 12. bxa6 Nde5 13. Bb5+ Kf8 14. d3 Qb6
15. Bc4 Bxa6 16. Nd5 Qb8 17. Bxa6 Rxa6 18. a4 Nc6 19. Rb1 e6 20. Nf4 Rb6 21.
Ng5 Bd4 22. Rf1 Ke7 23. b3 Bf6 24. Nf3 Qg8 25. Be3 Qg7 26. b4 Nxe3 27. fxe3
cxb4 28. d4 Na5 29. Qc2 Rb7 30. e5 dxe5 31. Qc5+ Kd7 32. dxe5 Bd8 33. Rfd1+ Ke8
34. Rxd8+ Kxd8 35. Qxa5+ 1-0

[Event "III Festival A"]
[Site "Ortisei - Sankt Ulrich in Groeden ITA"]
[Date "2016.06.09"]
[Round "7"]
[White "Nisipeanu, Liviu-Dieter"]
[Black "Pijpers, Arthur"]
[WhiteElo "2668"]
[BlackElo "2471"]
[Result "1-0"]
[PlyCount "147"]
[EventDate "2016.06.04"]

1. Nf3 d5 2. g3 Nf6 3. Bg2 c5 4. O-O g6 5. b3 Bg7 6. Bb2 O-O 7. c4 d4 8. b4 Re8
9. d3 e5 10. bxc5 Nfd7 11. Nbd2 Nxc5 12. Ba3 Nba6 13. Nb3 Qc7 14. Nfd2 Rb8 15.
Nxc5 Nxc5 16. Bxc5 Qxc5 17. Qa4 Bg4 18. Rfe1 b5 19. cxb5 Rxb5 20. Ne4 Qb4 21.
Qxa7 Ra5 22. Qc7 Rc8 23. Qd6 Qxd6 24. Nxd6 Rc2 25. Bf3 Bxf3 26. exf3 Raxa2 27.
Rxa2 Rxa2 28. Rb1 Ra3 29. Rb8+ Bf8 30. Nc4 Rxd3 31. Nxe5 Rd1+ 32. Kg2 d3 33.
Rd8 d2 34. Nc4 Kg7 35. Ne3 Re1 36. Rxd2 Bc5 37. Nc4 h5 38. h4 Re7 39. f4 Rc7
40. Ne5 Bb4 41. Rd5 Bc3 42. Nf3 Bb4 43. Ng5 Be7 44. Ne4 Rc4 45. Nd2 Rc2 46. Nb3
Rc3 47. Rb5 Rc4 48. Rd5 Rc3 49. Nd4 Bc5 50. Ne2 Rc2 51. Kf1 f5 52. Rd7+ Kf6 53.
Rc7 Ke6 54. Nd4+ Kd6 55. Nxc2 Kxc7 56. Ne1 Kd6 57. Nf3 Ke6 58. Ne5 Bd6 59. Nxg6
Kf6 60. Ne5 Bxe5 61. fxe5+ Kxe5 62. Ke2 Ke4 63. f3+ Kd4 64. Kd2 Kd5 65. Kd3 Ke5
66. Ke3 f4+ 67. gxf4+ Kf5 68. Ke2 Kxf4 69. Kf2 Ke5 70. Ke3 Kf5 71. f4 Kg4 72.
Ke4 Kxh4 73. Kf3 Kh3 74. f5 1-0

[Event "III Festival A"]
[Site "Ortisei - Sankt Ulrich in Groeden ITA"]
[Date "2016.06.09"]
[Round "7"]
[White "Paulet, Iozefina"]
[Black "Boehm, Martin"]
[WhiteElo "2187"]
[BlackElo "2234"]
[Result "1-0"]
[PlyCount "47"]
[EventDate "2016.06.04"]

1. e4 e6 2. d4 d5 3. Nc3 Nf6 4. e5 Nfd7 5. f4 c5 6. Nf3 Nc6 7. Be3 Be7 8. Bd3
a6 9. Qd2 b5 10. dxc5 Nxc5 11. Qf2 Nxd3+ 12. cxd3 d4 13. Nxd4 Nb4 14. O-O Bb7
15. f5 Bh4 16. Qe2 O-O 17. Qg4 Kh8 18. fxe6 Nd5 19. Nxd5 Qxd5 20. Nf5 g6 21.
Nxh4 fxe6 22. d4 Rxf1+ 23. Rxf1 Qxa2 24. Bg5 1-0

[Event "III Festival A"]
[Site "Ortisei - Sankt Ulrich in Groeden ITA"]
[Date "2016.06.09"]
[Round "7"]
[White "Singer, Christoph"]
[Black "Molina, Fabrizio"]
[WhiteElo "2355"]
[BlackElo "2222"]
[Result "1-0"]
[PlyCount "151"]
[EventDate "2016.06.04"]

1. e4 g6 2. d4 Bg7 3. Nc3 d5 4. exd5 Nf6 5. Bc4 Nbd7 6. Nf3 O-O 7. O-O Nb6 8.
Bb3 a5 9. a4 Nbxd5 10. Nxd5 Nxd5 11. c3 b6 12. Re1 Bb7 13. Bg5 Re8 14. Qd2 Qd6
15. Rad1 e6 16. Bc4 Rac8 17. Bb5 c6 18. Bf1 Qf8 19. Bh4 Bh6 20. Bg5 Bg7 21. Bh4
Bh6 22. Qc2 Qg7 23. Bg3 Red8 24. Be5 Qf8 25. Qe4 f6 26. Bg3 Re8 27. Qh4 Bg7 28.
Bd3 Qf7 29. Bd6 Rcd8 30. Ba3 Bc8 31. Bb1 Bf8 32. Bxf8 Rxf8 33. Qe4 Kh8 34. h4
Rg8 35. Rd2 Rg7 36. Rdd1 Qc7 37. Ba2 Qd6 38. Bc4 Bd7 39. Bb3 Rb8 40. Bc2 Re8
41. Bb3 Rge7 42. Nd2 e5 43. Nc4 Qc7 44. dxe5 fxe5 45. Ne3 Nf6 46. Qd3 Be6 47.
Bxe6 Rxe6 48. Rd2 Kg7 49. Red1 e4 50. Qc4 Qf4 51. g3 Qf3 52. Rd6 Ng4 53. Nxg4
Qxg4 54. Qd4+ Kf7 55. Rxe6 Qxe6 56. Qxb6 e3 57. Qxe3 Qxe3 58. fxe3 Rxe3 59. Kf2
Re4 60. Rd7+ Ke6 61. Rxh7 Rxa4 62. Rg7 Kf5 63. Kf3 Ra2 64. g4+ Kf6 65. Rb7 Ke5
66. Rb6 a4 67. Rxc6 Rxb2 68. Rxg6 Rb3 69. Rg5+ Ke6 70. Ra5 Rxc3+ 71. Kf4 Rc4+
72. Kg5 Kf7 73. h5 Re4 74. Kf5 Rd4 75. g5 Rd1 76. g6+ 1-0

[Event "III Festival A"]
[Site "Ortisei - Sankt Ulrich in Groeden ITA"]
[Date "2016.06.09"]
[Round "7"]
[White "Sprenger, Jan Michael"]
[Black "Spornberger, Maximilian"]
[WhiteElo "2506"]
[BlackElo "2306"]
[Result "1-0"]
[PlyCount "55"]
[EventDate "2016.06.04"]

1. e4 e6 2. d4 d5 3. Nc3 Bb4 4. e5 c5 5. a3 Bxc3+ 6. bxc3 Qa5 7. Bd2 Qa4 8. Qg4
Kf8 9. Qd1 b6 10. dxc5 Ne7 11. cxb6 axb6 12. Nf3 Nd7 13. c4 Nc6 14. cxd5 exd5
15. Be2 Bb7 16. O-O Re8 17. Qb1 f6 18. Bb5 Qg4 19. h3 Qh5 20. Bxc6 Bxc6 21. e6
Rxe6 22. Nd4 Kf7 23. Nxe6 Kxe6 24. Re1+ Kf7 25. Qb4 Ne5 26. f4 Nc4 27. Qe7+ Kg6
28. g4 1-0

[Event "III Festival A"]
[Site "Ortisei - Sankt Ulrich in Groeden ITA"]
[Date "2016.06.09"]
[Round "7"]
[White "Terao, Juliana Sayumi"]
[Black "Dappiano, Andrea"]
[WhiteElo "2228"]
[BlackElo "2288"]
[Result "0-1"]
[PlyCount "82"]
[EventDate "2016.06.04"]

1. e4 e6 2. d4 d5 3. Nd2 c5 4. exd5 Qxd5 5. Ngf3 cxd4 6. Bc4 Qd6 7. Qe2 Nf6 8.
Nb3 Nc6 9. Bg5 Qb4+ 10. Bd2 Qb6 11. O-O-O Bd7 12. Kb1 Bc5 13. Nxc5 Qxc5 14. c3
Rc8 15. Bb3 dxc3 16. Bxc3 Na5 17. Nd4 Nxb3 18. Nxb3 Qf5+ 19. Qd3 Qxd3+ 20. Rxd3
Bc6 21. Rg3 Ne4 22. Rxg7 Nxc3+ 23. bxc3 Be4+ 24. Kb2 Bg6 25. Rd1 Kf8 26. Rxg6
hxg6 27. h3 Ke7 28. Rd4 b6 29. Ra4 a5 30. Re4 Rh5 31. Nd4 Rhc5 32. Re3 e5 33.
Nf3 f6 34. h4 b5 35. Nd2 f5 36. Nb3 Rd5 37. Nxa5 Rd2+ 38. Kb3 Kf6 39. g3 Rxf2
40. Nb7 Rc6 41. a3 e4 0-1

[Event "III Festival A"]
[Site "Ortisei - Sankt Ulrich in Groeden ITA"]
[Date "2016.06.09"]
[Round "7"]
[White "Vocaturo, Daniele"]
[Black "Markus, Robert"]
[WhiteElo "2576"]
[BlackElo "2662"]
[Result "1-0"]
[PlyCount "169"]
[EventDate "2016.06.04"]

1. d4 Nf6 2. Nf3 g6 3. c4 Bg7 4. g3 O-O 5. Bg2 d6 6. Nc3 Nbd7 7. O-O e5 8. e4
c6 9. Be3 b6 10. h3 Bb7 11. Qc2 Rc8 12. dxe5 dxe5 13. c5 Qe7 14. cxb6 axb6 15.
a4 Ba6 16. Rfd1 Rfd8 17. Rd2 Qb4 18. Rad1 Bc4 19. Nxe5 Bb3 20. Qb1 Bxd1 21.
Qxd1 Qe7 22. Nxc6 Rxc6 23. e5 Rcc8 24. exf6 Nxf6 25. Bxb6 Rxd2 26. Qxd2 Qb4 27.
a5 Rb8 28. Bc6 Rc8 29. Bf3 h5 30. Kg2 Kh7 31. Ne4 Qxd2 32. Nxd2 Nd7 33. Be3 Bh6
34. Bxh6 Kxh6 35. a6 Rc2 36. a7 Nb6 37. Nf1 Rxb2 38. a8=Q Nxa8 39. Bxa8 Rb4 40.
Ne3 Kg7 41. h4 Rd4 42. Bf3 Kf6 43. Nd5+ Kg7 44. Nf4 Kh6 45. Be2 Ra4 46. Nh3 Rb4
47. Bf3 Rd4 48. Ng5 Kg7 49. Bc6 Kf8 50. Kf3 Ke7 51. Ke3 Rd8 52. Bb5 Rc8 53. Kd3
Rd8+ 54. Kc3 f6 55. Nh3 f5 56. Nf4 Kf6 57. Bc4 Rb8 58. Kd4 Re8 59. Nd5+ Kg7 60.
Bd3 Re1 61. Ne3 Kf6 62. Bb5 Ra1 63. Nd5+ Kg7 64. Nf4 Re1 65. Be2 Kf6 66. Nd5+
Kg7 67. Ke3 Ra1 68. Nc3 Rc1 69. Kd3 f4 70. Ne4 fxg3 71. Nxg3 Rg1 72. Bf1 g5 73.
hxg5 Kg6 74. Ke2 Kxg5 75. Kf3 h4 76. Ne4+ Kf5 77. Nd2 Rg8 78. Bh3+ Ke5 79. Ke3
Ra8 80. f4+ Kf6 81. Kf3 Rg8 82. Ne4+ Ke7 83. Ng5 Kf6 84. Kg4 Rh8 85. Nf3 1-0

[Event "III Festival A"]
[Site "Ortisei - Sankt Ulrich in Groeden ITA"]
[Date "2016.06.09"]
[Round "7"]
[White "Werle, Jan"]
[Black "Kristensen, Kaare Hove"]
[WhiteElo "2563"]
[BlackElo "2367"]
[Result "1/2-1/2"]
[PlyCount "142"]
[EventDate "2016.06.04"]

1. d4 d5 2. c4 c6 3. Nf3 Nf6 4. e3 Bg4 5. Nc3 e6 6. h3 Bh5 7. g4 Bg6 8. Ne5
Nbd7 9. Nxg6 hxg6 10. Bd2 Bb4 11. cxd5 exd5 12. Bg2 Qe7 13. Qc2 O-O-O 14. O-O-O
Kb8 15. Kb1 Nb6 16. a3 Bd6 17. g5 Nh7 18. h4 f5 19. gxf6 gxf6 20. e4 dxe4 21.
Nxe4 Bc7 22. Bb4 Qf7 23. Nc5 Nd5 24. Bd2 f5 25. a4 Bd6 26. a5 Bxc5 27. dxc5 a6
28. Qb3 Nhf6 29. Bg5 Rd7 30. Rhe1 Ne4 31. Bxe4 fxe4 32. Qg3+ Ka8 33. Rd4 e3 34.
fxe3 Nc3+ 35. Kc2 Rxd4 36. exd4 Nb5 37. Kb1 Qf5+ 38. Ka2 Qd5+ 39. Qb3 Qxb3+ 40.
Kxb3 Nxd4+ 41. Kc3 Nf3 42. Re6 Kb8 43. Bf6 Rh5 44. b4 Nxh4 45. Re8+ Kc7 46.
Re7+ Kc8 47. Be5 Kd8 48. Bf6 Kc8 49. Be5 Kd8 50. Bd6 Nf5 51. Rxb7 Nxd6 52. cxd6
Rd5 53. Kc4 g5 54. Ra7 Rxd6 55. Rxa6 Kc7 56. Ra7+ Kb8 57. Rg7 Rd5 58. a6 Rb5
59. Rg6 Rb6 60. Kc5 Rb5+ 61. Kc4 Rb6 62. Rxg5 Ka7 63. Rg8 Kxa6 64. Kc5 Rb5+ 65.
Kxc6 Rb6+ 66. Kc5 Rb5+ 67. Kc4 Rh5 68. Rg6+ Kb7 69. b5 Rh1 70. Rg7+ Kb6 71.
Rg6+ Kb7 1/2-1/2

[Event "III Festival A"]
[Site "Ortisei - Sankt Ulrich in Groeden ITA"]
[Date "2016.06.09"]
[Round "7"]
[White "Zucchelli, Massimo"]
[Black "Lagumina, Giulio"]
[WhiteElo "2145"]
[BlackElo "2316"]
[Result "1-0"]
[PlyCount "67"]
[EventDate "2016.06.04"]

1. d4 f5 2. Nc3 Nf6 3. Bg5 d5 4. Bxf6 exf6 5. e3 Be6 6. Bd3 Qd7 7. Qf3 Nc6 8.
a3 O-O-O 9. Nge2 g5 10. g3 Kb8 11. O-O-O Ne7 12. Kb1 Nc8 13. h4 Nd6 14. Nxd5
Qc6 15. Nec3 Nc4 16. Bxc4 Qxc4 17. Nb4 a5 18. Nba2 b5 19. b3 Bd5 20. e4 Bxe4
21. Nxe4 Qd5 22. Nd2 Qd7 23. b4 axb4 24. Nxb4 Bxb4 25. axb4 Qxd4 26. Nb3 Qxb4
27. Qxf5 gxh4 28. Qxf6 Rxd1+ 29. Rxd1 Rf8 30. Qxh4 Qxh4 31. gxh4 Rxf2 32. Rd7
h6 33. Rd5 c6 34. Rd6 1-0

[Event "III Festival A"]
[Site "Ortisei - Sankt Ulrich in Groeden ITA"]
[Date "2016.06.10"]
[Round "8"]
[White "Bjerre, Jonas"]
[Black "De Eccher, Stefano"]
[WhiteElo "2410"]
[BlackElo "2211"]
[Result "1-0"]
[PlyCount "46"]
[EventDate "2016.06.04"]

1. e4 c5 2. Nf3 d6 3. d4 cxd4 4. Nxd4 Nf6 5. Nc3 g6 6. Be3 Bg7 7. f3 O-O 8. Qd2
Nc6 9. Bc4 Bd7 10. O-O-O Rb8 11. Kb1 b5 12. Ndxb5 Ne5 13. Be2 Qc8 14. Nxa7 Qb7
15. Nab5 Rfc8 16. b3 Be6 17. g4 Bc4 18. a4 Bxe2 19. Qxe2 Nc6 20. Bc1 Nb4 21.
Bb2 d5 22. g5 d4 23. Rxd4 Nh5 1-0

[Event "III Festival A"]
[Site "Ortisei - Sankt Ulrich in Groeden ITA"]
[Date "2016.06.10"]
[Round "8"]
[White "Bogner, Sebastian"]
[Black "Vocaturo, Daniele"]
[WhiteElo "2527"]
[BlackElo "2576"]
[Result "1/2-1/2"]
[PlyCount "35"]
[EventDate "2016.06.04"]

1. d4 Nf6 2. c4 e6 3. Nc3 Bb4 4. Qc2 O-O 5. Nf3 d5 6. a3 Bxc3+ 7. Qxc3 dxc4 8.
Qxc4 b6 9. Bg5 Ba6 10. Qa4 h6 11. Bxf6 Qxf6 12. g3 c5 13. Bg2 Bb7 14. O-O Bc6
15. Qc4 Bd5 16. Qa4 Bc6 17. Qc4 Bd5 18. Qa4 1/2-1/2

[Event "III Festival A"]
[Site "Ortisei - Sankt Ulrich in Groeden ITA"]
[Date "2016.06.10"]
[Round "8"]
[White "Castellanos Rodriguez, Renier"]
[Black "Werle, Jan"]
[WhiteElo "2484"]
[BlackElo "2563"]
[Result "0-1"]
[PlyCount "112"]
[EventDate "2016.06.04"]

1. e4 c5 2. Nf3 e6 3. d4 cxd4 4. Nxd4 Nc6 5. Nb5 d6 6. c4 Nf6 7. N1c3 a6 8. Nd4
Qa5 9. Nb3 Qc7 10. Bf4 Ne5 11. Nd2 b6 12. Be2 Bb7 13. O-O Be7 14. Rc1 O-O 15.
Re1 Nfd7 16. b4 Rac8 17. Bf1 Qb8 18. Bg3 g5 19. Na4 Bc6 20. Nb2 b5 21. a3 Qa8
22. Qb3 h5 23. h3 g4 24. hxg4 hxg4 25. Qe3 Kg7 26. Nd3 Rh8 27. Nxe5 Nxe5 28.
Be2 f5 29. exf5 exf5 30. f4 Ng6 31. Bd3 Rh5 32. Bf1 Bf6 33. Nb3 Re8 34. Qb6
Rxe1 35. Rxe1 bxc4 36. Nd4 Bd5 37. Ne6+ Kh6 38. Qxd6 c3 39. Nc5 Qc6 40. Qxc6
Bxc6 41. Re6 c2 42. Nb3 Bd4+ 43. Nxd4 c1=Q 44. Nxc6 Qxa3 45. Bf2 Qa2 46. Nd4
Kh7 47. Rxa6 Qb1 48. Ra7+ Kg8 49. Ra8+ Kf7 50. Ra7+ Ke8 51. Ra8+ Kd7 52. Ra7+
Kc8 53. Ne6 Rh1+ 54. Kxh1 Qxf1+ 55. Bg1 Qe1 56. Ra8+ Kb7 0-1

[Event "III Festival A"]
[Site "Ortisei - Sankt Ulrich in Groeden ITA"]
[Date "2016.06.10"]
[Round "8"]
[White "Cunningham, Robin"]
[Black "Singer, Christoph"]
[WhiteElo "2248"]
[BlackElo "2355"]
[Result "1/2-1/2"]
[PlyCount "96"]
[EventDate "2016.06.04"]

1. e4 e5 2. Nf3 Nc6 3. Nc3 Nf6 4. Bb5 Bb4 5. O-O O-O 6. d3 d6 7. Ne2 h6 8. c3
Ba5 9. Ng3 Bd7 10. a4 a6 11. Bc4 Bb6 12. Be3 Bxe3 13. fxe3 Ng4 14. Qe2 Be6 15.
Bxe6 fxe6 16. Nd4 Qh4 17. Nf3 Qe7 18. h3 Nf6 19. Nd2 Rf7 20. Rf2 Raf8 21. Raf1
Nb8 22. d4 Nbd7 23. a5 c6 24. Nc4 d5 25. dxe5 Ne8 26. Rxf7 Rxf7 27. Rxf7 Qxf7
28. exd5 cxd5 29. Nd6 Nxd6 30. exd6 Qf8 31. e4 Qxd6 32. exd5 Qxd5 33. Qe4 Nc5
34. b4 Na4 35. Qxd5 exd5 36. Ne2 Kf7 37. Kf2 Ke6 38. g3 Ke5 39. Ke3 g5 40. g4
Nb2 41. Kd2 Nc4+ 42. Kd3 Nd6 43. Ke3 Ne4 44. Kf3 Nf6 45. Ke3 Ne4 46. Kf3 Nd6
47. Ke3 Nc4+ 48. Kd3 b6 1/2-1/2

[Event "III Festival A"]
[Site "Ortisei - Sankt Ulrich in Groeden ITA"]
[Date "2016.06.10"]
[Round "8"]
[White "Dappiano, Andrea"]
[Black "Gaehwiler, Gabriel"]
[WhiteElo "2288"]
[BlackElo "2363"]
[Result "1/2-1/2"]
[PlyCount "77"]
[EventDate "2016.06.04"]

1. e4 c5 2. Nc3 d6 3. g3 g6 4. Bg2 Bg7 5. d3 Nc6 6. Be3 Nf6 7. h3 Nd4 8. Nge2
e5 9. f4 exf4 10. Nxf4 O-O 11. O-O Be6 12. Nxe6 fxe6 13. Ne2 Nh5 14. g4 Rxf1+
15. Bxf1 Nxe2+ 16. Qxe2 Ng3 17. Qd2 Bxb2 18. Rb1 Nxf1 19. Rxf1 Bg7 20. Bg5 Qd7
21. Bf6 Rf8 22. g5 e5 23. Kg2 Qe6 24. Qa5 Bxf6 25. gxf6 Rxf6 26. Qd8+ Kf7 27.
Rb1 b6 28. Qh8 Qxa2 29. Qxh7+ Ke8 30. Rc1 Qb2 31. Qh6 Rf4 32. Qxg6+ Kd7 33.
Qg7+ Kc6 34. Qg8 Kb7 35. Qg7+ Ka6 36. Qd7 Qxc1 37. Qa4+ Kb7 38. Qd7+ Ka6 39.
Qg7 1/2-1/2

[Event "III Festival A"]
[Site "Ortisei - Sankt Ulrich in Groeden ITA"]
[Date "2016.06.10"]
[Round "8"]
[White "Herzog, Adolf"]
[Black "Engl, Stefan"]
[WhiteElo "2358"]
[BlackElo "1964"]
[Result "1-0"]
[PlyCount "103"]
[EventDate "2016.06.04"]

1. e4 e6 2. d4 d5 3. Nc3 Bb4 4. Nge2 dxe4 5. a3 Be7 6. Nxe4 Nd7 7. g3 Ngf6 8.
Nxf6+ Nxf6 9. Bg2 O-O 10. O-O Rb8 11. c4 Qd7 12. Nc3 b6 13. Bf4 Ba6 14. b3 Bb7
15. Bxb7 Rxb7 16. Qf3 c6 17. Rfd1 Rd8 18. Be5 Qc8 19. a4 a6 20. Rac1 Rbd7 21.
Kg2 Qa8 22. h4 Ne8 23. Qg4 Ba3 24. Rb1 Bb4 25. Ne2 Bd6 26. Nc3 Bb4 27. Ne2 Bd6
28. Re1 c5+ 29. Kg1 cxd4 30. Bxd4 f5 31. Qg5 Bb4 32. Bc3 Bxc3 33. Nxc3 Rd3 34.
Rbc1 Qf3 35. Qe7 Nf6 36. Nd5 exd5 37. Qxd8+ Kf7 38. Re7+ Kg6 39. Qf8 Nh5 40.
Qf7+ Kh6 41. Re6+ g6 42. Qf8+ Ng7 43. h5 Rd2 44. Rf1 dxc4 45. Re7 Qc3 46. bxc4
Qd4 47. hxg6 Kxg6 48. Qf7+ Kh6 49. Kg2 Nh5 50. Re6+ Kg5 51. Qe7+ Nf6 52. Qg7+
1-0

[Event "III Festival A"]
[Site "Ortisei - Sankt Ulrich in Groeden ITA"]
[Date "2016.06.10"]
[Round "8"]
[White "Kristensen, Kaare Hove"]
[Black "Sprenger, Jan Michael"]
[WhiteElo "2367"]
[BlackElo "2506"]
[Result "0-1"]
[PlyCount "68"]
[EventDate "2016.06.04"]

1. c4 e5 2. Nc3 Nf6 3. Nf3 Nc6 4. g3 d5 5. cxd5 Nxd5 6. Bg2 Nb6 7. O-O Be7 8.
d3 O-O 9. Be3 Be6 10. Rc1 f5 11. a3 Bf6 12. Nd2 Kh8 13. Nb3 Nd5 14. Nxd5 Bxd5
15. Nc5 Bxg2 16. Kxg2 Qd5+ 17. f3 Ne7 18. Bf2 Rfc8 19. b4 b6 20. Nb3 Qd7 21.
Qc2 Qa4 22. Qa2 Qd7 23. Rfd1 c6 24. e4 Bg5 25. Rb1 Rf8 26. Qe2 Qe6 27. d4 fxe4
28. Qxe4 Nd5 29. Re1 Nc3 30. Qxe5 Qf7 31. Rb2 Qxf3+ 32. Kg1 Nd1 33. Qxg5 Nxf2
34. Qh4 Nd3 0-1

[Event "III Festival A"]
[Site "Ortisei - Sankt Ulrich in Groeden ITA"]
[Date "2016.06.10"]
[Round "8"]
[White "Krulich, Roman"]
[Black "Bertagnolli, Alexander"]
[WhiteElo "2215"]
[BlackElo "2376"]
[Result "0-1"]
[PlyCount "66"]
[EventDate "2016.06.04"]

1. e4 c5 2. c3 Nf6 3. e5 Nd5 4. d4 cxd4 5. cxd4 e6 6. Nf3 b6 7. Bc4 Bb7 8. O-O
Qc7 9. Bxd5 Bxd5 10. Nc3 Qb7 11. Nxd5 Qxd5 12. Ng5 Nc6 13. Be3 h6 14. Nh3 Qb5
15. b3 Ba3 16. Qg4 g6 17. Qf3 Rd8 18. Rad1 Ne7 19. Nf4 d6 20. Nd3 Nd5 21. Bf4
Nc3 22. Rd2 Qd5 23. Qe3 g5 24. Bg3 Nb5 25. Ne1 Bc1 26. exd6 Bxd2 27. Qxd2 Nxd6
28. Be5 Ne4 29. Qe2 f6 30. Qh5+ Ke7 31. Bc7 Rc8 32. Qg6 Rhf8 33. Bg3 Nd2 0-1

[Event "III Festival A"]
[Site "Ortisei - Sankt Ulrich in Groeden ITA"]
[Date "2016.06.10"]
[Round "8"]
[White "Ledger, Andrew J"]
[Black "Addison, Bret C"]
[WhiteElo "2380"]
[BlackElo "2180"]
[Result "1-0"]
[PlyCount "149"]
[EventDate "2016.06.04"]

1. d4 f5 2. Nc3 Nf6 3. Bg5 d5 4. Bxf6 exf6 5. e3 Be6 6. Qf3 Qd7 7. Bb5 Nc6 8.
Nge2 O-O-O 9. O-O-O a6 10. Ba4 Kb8 11. h4 h5 12. Nf4 Bf7 13. Kb1 g6 14. Bb3 Ne7
15. Qe2 c6 16. Na4 Nc8 17. c4 dxc4 18. Bxc4 Ka7 19. Bxf7 Qxf7 20. Rc1 Nd6 21.
Rhd1 g5 22. Nd3 Nb5 23. Nac5 f4 24. a4 Nc7 25. hxg5 fxg5 26. Qc2 Bd6 27. e4 Ne6
28. Qb3 Rhe8 29. a5 Ka8 30. f3 Qe7 31. Nxe6 Qxe6 32. Qb6 Qe7 33. Nc5 Bxc5 34.
Rxc5 Rd6 35. Rdc1 Qd8 36. d5 Qxb6 37. axb6 g4 38. dxc6 Rxc6 39. Rxh5 Rxb6 40.
Rf5 gxf3 41. gxf3 Rg8 42. Rxf4 Rg2 43. Rc2 Rg1+ 44. Ka2 Re1 45. Rf5 Ka7 46. Rc3
Rb4 47. Rf7 Rf1 48. Re3 a5 49. Rb3 Ra4+ 50. Ra3 Rxe4 51. Rxa5+ Kb6 52. Rxb7+
Kxb7 53. fxe4 Re1 54. Ra4 Re3 55. Rc4 Kb6 56. b3 Kb5 57. Kb2 Re2+ 58. Kc3 Re3+
59. Kd4 Rxb3 60. Rc8 Rh3 61. Kd5 Kb6 62. e5 Kb7 63. Rc4 Rh8 64. Kd6 Rd8+ 65.
Ke7 Rd1 66. e6 Re1 67. Kd7 Rd1+ 68. Ke8 Re1 69. e7 Rf1 70. Kd7 Rd1+ 71. Ke6
Re1+ 72. Kf6 Kb8 73. Rc5 Kb7 74. Re5 Rf1+ 75. Ke6 1-0

[Event "III Festival A"]
[Site "Ortisei - Sankt Ulrich in Groeden ITA"]
[Date "2016.06.10"]
[Round "8"]
[White "Lodici, Lorenzo"]
[Black "Paulet, Iozefina"]
[WhiteElo "2379"]
[BlackElo "2187"]
[Result "0-1"]
[PlyCount "94"]
[EventDate "2016.06.04"]

1. d4 Nf6 2. c4 c5 3. d5 e6 4. Nc3 exd5 5. cxd5 d6 6. e4 g6 7. Nge2 Bg7 8. Ng3
O-O 9. Be2 a6 10. a4 Re8 11. O-O Nbd7 12. Be3 h5 13. f3 h4 14. Nh1 Nh5 15. Qd2
f5 16. Bg5 Bf6 17. Bxf6 Qxf6 18. Nf2 Ng7 19. Rfe1 Ne5 20. f4 Nf7 21. Bf3 Bd7
22. exf5 gxf5 23. a5 Rxe1+ 24. Rxe1 b5 25. axb6 Rb8 26. b4 cxb4 27. Ne2 Rxb6
28. Nd4 a5 29. Nc6 Rb5 30. Qe2 Rc5 31. Qa6 Bxc6 32. dxc6 d5 33. Qa8+ Kh7 34. c7
Qc3 35. Rf1 b3 36. Bxd5 Rxc7 37. Qf8 Nh6 38. Qd6 a4 39. Qa6 Qc5 40. Bf3 a3 41.
Qd3 Qc3 42. Qa6 b2 43. Nh3 Nf7 44. Ng5+ Nxg5 45. fxg5 Qe3+ 46. Kh1 Qxg5 47.
Qxa3 Rc1 0-1

[Event "III Festival A"]
[Site "Ortisei - Sankt Ulrich in Groeden ITA"]
[Date "2016.06.10"]
[Round "8"]
[White "Markus, Robert"]
[Black "Pijpers, Arthur"]
[WhiteElo "2662"]
[BlackElo "2471"]
[Result "1-0"]
[PlyCount "81"]
[EventDate "2016.06.04"]

1. d4 Nf6 2. c4 c5 3. d5 b5 4. Qc2 Na6 5. a3 bxc4 6. e4 g6 7. Bxc4 Nc7 8. Nf3
Bg7 9. O-O d6 10. Nc3 O-O 11. Bg5 Rb8 12. Rfe1 Bg4 13. Nd2 Bd7 14. Rab1 h6 15.
Bf4 Ng4 16. Nf3 g5 17. Bd2 f5 18. h3 Ne5 19. Nxe5 Bxe5 20. Nd1 f4 21. Bc3 e6
22. Bxe5 dxe5 23. Qc3 Qf6 24. f3 Nb5 25. Bxb5 Bxb5 26. Nf2 h5 27. Qxc5 a6 28.
Rbc1 Rf7 29. dxe6 Qxe6 30. Red1 Rb6 31. Qd5 Kg7 32. Rc5 Re7 33. Qd8 Kh7 34.
Rdd5 Rbb7 35. Rxe5 Qxe5 36. Rxe5 Rxe5 37. h4 Rg7 38. Qd6 Re8 39. hxg5 Rxg5 40.
Nh3 Rg6 41. Qc5 1-0

[Event "III Festival A"]
[Site "Ortisei - Sankt Ulrich in Groeden ITA"]
[Date "2016.06.10"]
[Round "8"]
[White "Nabaty, Tamir"]
[Black "Nisipeanu, Liviu-Dieter"]
[WhiteElo "2610"]
[BlackElo "2668"]
[Result "1/2-1/2"]
[PlyCount "47"]
[EventDate "2016.06.04"]

1. d4 Nf6 2. Bf4 d5 3. e3 e6 4. Nf3 Bd6 5. Bd3 Bxf4 6. exf4 Qd6 7. Qd2 b6 8.
Nc3 O-O 9. O-O Ba6 10. Ne5 c5 11. Bxa6 Nxa6 12. Rfe1 Rac8 13. Rad1 Nb4 14. f5
exf5 15. a3 Nc6 16. dxc5 Qxc5 17. b4 Qd4 18. Qxd4 Nxd4 19. Nxd5 Nxd5 20. Rxd4
Nc3 21. Rc4 g6 22. f3 Rxc4 23. Nxc4 Rc8 24. Nd6 1/2-1/2